| 000 | 00461nam a2200169Ia 4500 | ||
|---|---|---|---|
| 008 | 231221s9999 xx 000 0 und d | ||
| 041 | _aEnglish | ||
| 082 | _a641.5051 LAL;1 R | ||
| 100 | _aLal, Barbara | ||
| 245 | 0 | _aChinese cookery for Indian kitchens | |
| 260 |
_c1986 _bTarang Paper Backs _aNEW DELHI |
||
| 300 | _a143 | ||
| 500 | _aE-509 | ||
| 650 | _aHotel Management-Chinese Cooking | ||
| 650 | _aHotel Management-Chinese Cooking | ||
| 942 | _cHM | ||
| 999 |
_c207697 _d207697 |
||